MACHIAVEL, Discours sur la première décade de Tite-Live, édition d’Alessandro Fontana et Xavier Tabet, Paris, Gallimard, coll. « Bibliothèque de philosophie », 2004, 575 p. (notice n° 1594450)
[ vue normale ]
| 000 -LEADER | |
|---|---|
| fixed length control field | 00583cam a2200145 4500500 |
| 005 - DATE AND TIME OF LATEST TRANSACTION | |
| control field | 20251228072921.0 |
| 041 ## - LANGUAGE CODE | |
| Language code of text/sound track or separate title | fre |
| 042 ## - AUTHENTICATION CODE | |
| Authentication code | dc |
| 100 10 - MAIN ENTRY--PERSONAL NAME | |
| Personal name | Ion, Cristina |
| Relator term | author |
| 245 00 - TITLE STATEMENT | |
| Title | MACHIAVEL, Discours sur la première décade de Tite-Live, édition d’Alessandro Fontana et Xavier Tabet, Paris, Gallimard, coll. « Bibliothèque de philosophie », 2004, 575 p. |
| 260 ## - PUBLICATION, DISTRIBUTION, ETC. | |
| Date of publication, distribution, etc. | 2005.<br/> |
| 500 ## - GENERAL NOTE | |
| General note | 58 |
| 786 0# - DATA SOURCE ENTRY | |
| Note | Cités | 24 | 4 | 2005-12-01 | p. 169c-185c | 1299-5495 |
| 856 41 - ELECTRONIC LOCATION AND ACCESS | |
| Uniform Resource Identifier | <a href="https://shs.cairn.info/revue-cites-2005-4-page-169c?lang=fr&redirect-ssocas=7080">https://shs.cairn.info/revue-cites-2005-4-page-169c?lang=fr&redirect-ssocas=7080</a> |
Pas d'exemplaire disponible.




Réseaux sociaux